La tenencia de radio y televisión en los hogares costarricenses: evolución en el período 1963-1980
Guardado en:
| Hovedforfatter: | |
|---|---|
| Institution som forfatter: | |
| Format: | Texto |
| Udgivet: |
San José:
Oficina de Información
|
| Tags: |
Tilføj Tag
Ingen Tags, Vær først til at tagge denne postø!
|
MARC
| LEADER | 00000 a a2200000 04500 | ||
|---|---|---|---|
| 001 | 20323 | ||
| 003 | |||
| 040 | |a CRAI/IIS |c CRAI/IIS | ||
| 090 | |a 084500 | ||
| 100 | |a Gómez, Miguel | ||
| 110 | |a Costa Rica. Presidencia de la República. Oficina de Información. Unidad de Investigaciones Socioeconómicas | ||
| 245 | |a La tenencia de radio y televisión en los hogares costarricenses: evolución en el período 1963-1980 | ||
| 260 | |a San José: |b Oficina de Información | ||
| 300 | |a 34 p. | ||
| 999 | |c 17392 |d 17392 | ||
